000
00310nam a22001337a 4500
008
171130b xxu||||| |||| 00| 0 eng d
020
_a
0805800077
041
_a
eng
080
_a
32
100
_a
19
101
_a
POL
245
_a
TELEVISED PRESIDENTAL DEBATES AND PUBLIC POLICY
_c
KRAUS.S
942
_2
udc
_c
BK
999
_c
38624
_d
38624